AH International Schools' Libraries

Volcano! (Record no. 49107)

MARC details
000 -LEADER
fixed length control field 00405nam a22001217a 4500
008 - FIXED-LENGTH DATA ELEMENTS--GENERAL INFORMATION
fixed length control field 250804b |||||||| |||| 00| 0 eng d
020 ## - INTERNATIONAL STANDARD BOOK NUMBER
International Standard Book Number 9781426323676
100 ## - MAIN ENTRY--PERSONAL NAME
Personal name Ellen J. Prager (Author), Nancy Woodman (Illustrator)
9 (RLIN) 86454
245 ## - TITLE STATEMENT
Title Volcano!
260 ## - PUBLICATION, DISTRIBUTION, ETC. (IMPRINT)
Place of publication, distribution, etc United State of America
Name of publisher, distributor, etc National Geographic Children's Books
Date of publication, distribution, etc 2016
300 ## - PHYSICAL DESCRIPTION
Extent 32 pages
Other physical details col. ill.
Dimensions 27.94 x 0.76 x 23.37 cm
942 ## - ADDED ENTRY ELEMENTS (KOHA)
Source of classification or shelving scheme
Holdings
Withdrawn status Lost status Source of classification or shelving scheme Damaged status Not for loan Collection code Home library Current library Date acquired Total Checkouts Full call number Barcode Date last seen Price effective from Koha item type
          Siem Reap Asian Hope Siem Reap Asian Hope Siem Reap 08/04/2025   FIC ELL 209063 08/04/2025 08/04/2025 Book

For any Logos Library related questions please contact Miss Art at swongnarasuk@asianhope.org.

For any Asian Hope Library related questions please contact Miss Raza at graza@asianhope.org.

Click here to explore our ebooks!

Powered by Koha